Early childhood counts: a programming guide on early childhood care for development (Record no. 40598)

MARC details
000 -LEADER
fixed length control field 00805nam a2200217 a 4500
008 - FIXED-LENGTH DATA ELEMENTS--GENERAL INFORMATION
fixed length control field 071022s2000 ||||||||||||||||| || u
020 ## - INTERNATIONAL STANDARD BOOK NUMBER
International Standard Book Number 0821345672
050 ## - LIBRARY OF CONGRESS CALL NUMBER
Classification number IBRD(06)LR/2000/1
100 ## - MAIN ENTRY--PERSONAL NAME
Personal name Evans, Judith L
245 10 - TITLE STATEMENT
Title Early childhood counts: a programming guide on early childhood care for development
Statement of responsibility, etc. Judith L. Evans and Robert G. Myers
260 ## - PUBLICATION, DISTRIBUTION, ETC.
Place of publication, distribution, etc. Washington, D. C.
Name of publisher, distributor, etc. World Bank
Date of publication, distribution, etc. 2000
300 ## - PHYSICAL DESCRIPTION
Extent viii, 412p.
350 ## - PRICE (NR) (BK AM CF MU VM SE) [OBSOLETE]
Price 0.00
490 ## - SERIES STATEMENT
Series statement WBI learning resources
650 ## - SUBJECT ADDED ENTRY--TOPICAL TERM
Topical term or geographic name entry element CHILDHOOD
650 #0 - SUBJECT ADDED ENTRY--TOPICAL TERM
Topical term or geographic name entry element CHILD CARE
650 ## - SUBJECT ADDED ENTRY--TOPICAL TERM
Topical term or geographic name entry element EARLY CHILDHOOD
650 ## - SUBJECT ADDED ENTRY--TOPICAL TERM
Topical term or geographic name entry element CHILD DEVELOPMENT--AFRICA
700 ## - ADDED ENTRY--PERSONAL NAME
Personal name Myers, Robert G
995 ## - RECOMMENDATION 995 [LOCAL, UNIMARC FRANCE]
-- 0.00
-- CBU-MAIN LIBRARY (Kitwe)
-- 1
-- 0.00
-- 1
-- AVAILABLE
-- Oct 22, 2007
-- International Publications
Holdings
Withdrawn status Lost status Source of classification or shelving scheme Damaged status Not for loan Home library Current library Shelving location Date acquired Total Checkouts Full call number Barcode Date last seen Price effective from Koha item type
          CBU-MAIN LIBRARY, KITWE. CBU-MAIN LIBRARY, KITWE.   11/30/2022   IBRD(06)LR/2000/1 028529 11/30/2022 11/30/2022 MONOGRAPH